<?xml version="1.0" encoding="UTF-8"?>
<record
    xmlns:xsi="http://www.w3.org/2001/XMLSchema-instance"
    xsi:schemaLocation="http://www.loc.gov/MARC21/slim http://www.loc.gov/standards/marcxml/schema/MARC21slim.xsd"
    xmlns="http://www.loc.gov/MARC21/slim">

  <leader>00992cam a2200301 i 4500</leader>
  <controlfield tag="001">20043171</controlfield>
  <controlfield tag="003">OSt</controlfield>
  <controlfield tag="005">20240520152910.0</controlfield>
  <controlfield tag="008">171002s2016    ke a          000 0 bnt  </controlfield>
  <datafield tag="010" ind1=" " ind2=" ">
    <subfield code="a">  2016343736</subfield>
  </datafield>
  <datafield tag="020" ind1=" " ind2=" ">
    <subfield code="a">9789966483089</subfield>
  </datafield>
  <datafield tag="040" ind1=" " ind2=" ">
    <subfield code="a">DLC</subfield>
    <subfield code="b">eng</subfield>
    <subfield code="c">DLC</subfield>
    <subfield code="e">rda</subfield>
  </datafield>
  <datafield tag="042" ind1=" " ind2=" ">
    <subfield code="a">lcode</subfield>
    <subfield code="a">pcc</subfield>
  </datafield>
  <datafield tag="050" ind1="0" ind2="0">
    <subfield code="a">BS325.L9</subfield>
    <subfield code="b">2016</subfield>
  </datafield>
  <datafield tag="130" ind1="0" ind2=" ">
    <subfield code="a">Bible.</subfield>
    <subfield code="l">Luyia.</subfield>
    <subfield code="f">2016.</subfield>
    <subfield code="9">56196</subfield>
  </datafield>
  <datafield tag="245" ind1="1" ind2="0">
    <subfield code="a">Ibibilia indakatifu :</subfield>
    <subfield code="b">indakano ikhulu nende imbi Mululuyia lwa Abamarama, Abashisa, Abatsotso nende Abawanga.</subfield>
  </datafield>
  <datafield tag="260" ind1=" " ind2=" ">
    <subfield code="a">Nairobi, Kenya : </subfield>
    <subfield code="b">Bible Society of Kenya, </subfield>
    <subfield code="c">c2016.</subfield>
  </datafield>
  <datafield tag="300" ind1=" " ind2=" ">
    <subfield code="a">vii, 1418, 480 pages :</subfield>
    <subfield code="b">illustrations ;</subfield>
    <subfield code="c">22 cm</subfield>
  </datafield>
  <datafield tag="500" ind1=" " ind2=" ">
    <subfield code="a">[Africana].</subfield>
  </datafield>
  <datafield tag="520" ind1=" " ind2=" ">
    <subfield code="a">Holy bible in Luyia.</subfield>
  </datafield>
  <datafield tag="546" ind1=" " ind2=" ">
    <subfield code="a">In Luyia.</subfield>
  </datafield>
  <datafield tag="630" ind1=" " ind2=" ">
    <subfield code="a">Bible. Luyia.</subfield>
    <subfield code="9">56197</subfield>
  </datafield>
  <datafield tag="650" ind1=" " ind2="0">
    <subfield code="a">Luyia language</subfield>
    <subfield code="v">Texts.</subfield>
    <subfield code="9">56198</subfield>
  </datafield>
  <datafield tag="710" ind1="2" ind2=" ">
    <subfield code="a">Bible Society of Kenya.</subfield>
    <subfield code="9">55779</subfield>
  </datafield>
  <datafield tag="906" ind1=" " ind2=" ">
    <subfield code="a">7</subfield>
    <subfield code="b">cbc</subfield>
    <subfield code="c">origode</subfield>
    <subfield code="d">2</subfield>
    <subfield code="e">ncip</subfield>
    <subfield code="f">20</subfield>
    <subfield code="g">y-gencatlg</subfield>
  </datafield>
  <datafield tag="942" ind1=" " ind2=" ">
    <subfield code="2">lcc</subfield>
    <subfield code="c">AFR(R)</subfield>
  </datafield>
  <datafield tag="999" ind1=" " ind2=" ">
    <subfield code="c">67919</subfield>
    <subfield code="d">67893</subfield>
  </datafield>
  <datafield tag="952" ind1=" " ind2=" ">
    <subfield code="0">0</subfield>
    <subfield code="1">0</subfield>
    <subfield code="2">lcc</subfield>
    <subfield code="4">0</subfield>
    <subfield code="7">0</subfield>
    <subfield code="8">REF</subfield>
    <subfield code="a">CPL</subfield>
    <subfield code="b">CPL</subfield>
    <subfield code="c">REF</subfield>
    <subfield code="d">2023-10-30</subfield>
    <subfield code="e">Donation - Prof. Robert Priest.</subfield>
    <subfield code="g">10.84</subfield>
    <subfield code="l">0</subfield>
    <subfield code="o">REF BS 325.L9 2016</subfield>
    <subfield code="p">T17048W3232</subfield>
    <subfield code="r">2024-05-20 11:49:14</subfield>
    <subfield code="t">1</subfield>
    <subfield code="w">2024-05-20</subfield>
    <subfield code="y">AFR(R)</subfield>
  </datafield>
</record>
